|
|
|
|
| LEADER |
01003nam a22002892a 4500 |
| 001 |
001143353 |
| 003 |
CZ BrMZK |
| 005 |
20110630110053.0 |
| 007 |
ta |
| 008 |
110407s1981 xr er|||||||||||cze d |
| 015 |
|
|
|a cnb000130684
|
| 035 |
|
|
|a (OCoLC)10217779
|
| 040 |
|
|
|a BOA001
|b cze
|
| 080 |
9 |
|
|a 885.0-31
|
| 100 |
1 |
|
|a Hrbek, Rudolf,
|d 1909-1994
|7 jk01042710
|4 aut
|
| 245 |
1 |
0 |
|a Neklidná řeka /
|c Rudolf Hrbek ; ilustroval Miloslav Čech
|
| 250 |
|
|
|a 1. vyd.
|
| 260 |
|
|
|a Plzeň :
|b Západočeské nakladatelství,
|c 1981
|
| 300 |
|
|
|a 210 s.
|
| 500 |
|
|
|a Frontispis
|
| 500 |
|
|
|a Dostupné též v digitální podobě v aplikaci Kramerius
|
| 700 |
1 |
|
|a Čech, Miloslav,
|d 1945-
|7 jo20000075923
|4 ill
|
| 856 |
4 |
1 |
|u http://www.digitalniknihovna.cz/mzk/uuid/uuid:d42dc7e0-670e-11e3-8fee-005056827e51
|y Digitalizovaný dokument
|x NDK
|
| 910 |
|
|
|a BOA001
|b 2-0836.254
|
| 990 |
|
|
|a BK
|
| 991 |
|
|
|b 201104
|
| 996 |
6 |
|
|b 2619396560
|c 2-0836.254
|l MZK
|r Sklad / do 1 hodiny
|n 1
|w 001175810
|u 000010
|a 1
|e BOA001
|j MZK50
|s P
|